000 01289nam0a22002771 4500
001 rc\3046070
005 20250806202145.0
035 _a(NLR Aleph) 007185829
090 _a45175
_c45175
100 _a20111007d1945 u y0rusy50 ca
101 0 _arus
102 _aRU
105 _ab z |||||
200 1 _aГидростанции СССР
_eТехнико-эконом. показатели по эксплоатируемым, строящимся, запроектированным и выявленным гидростанциям
_e[Справочник]
_fПод ред. Вознесенского Д.Н. и Василенко П.И.
_gНар. ком. электростанций Союза ССР. Главгидроэнергострой. Гидроэнергопроект
205 _aИзд. испр. и доп.
210 _aМосква
_aЛенинград
_cГосэнергоиздат
_d1945
215 _a75 с., 13 л. карт.
_cкарт.
_d34 см
702 1 _aВознесенский
_bД.Н.
_4340
702 1 _aВасиленко
_bП.И.
_4340
801 0 _aRU
_bNLR
_gpsbo
801 1 _aRU
_bELAR
_2rusmarc
852 _aNLR
_j63-9/18
942 _cBOOK
945 _aРоссийская национальная библиотека
980 _aNB
980 _aBV